English Language in the World and the History of English language bakalárska práca

Guardado en:
Detalles Bibliográficos
Autor principal: Pontikis, Eleutheria
Autor Corporativo: Fakulta aplikovaných jazykov EU v Bratislave. Katedra jazykovedy a translatológie
Otros Autores: Stradiotová, Eva, 1963-
Formato: Libro
Lenguaje:inglés
Publicado: Bratislava 2016
Etiquetas: Agregar Etiqueta
Sin Etiquetas, Sea el primero en etiquetar este registro!

MARC

LEADER 00000nbm a2200000 4500
001 0217399
005 20170130102552.4
041 0 |a eng 
044 |a SK 
245 1 0 |a English Language in the World and the History of English language  |b bakalárska práca  |c Eleutheria Pontikis ; školiteľ: Eva Stradiotová 
264 1 |a Bratislava  |c 2016 
300 |a 45 s. 
100 1 |a Pontikis, Eleutheria 
700 1 |a Stradiotová, Eva, 1963- 
710 2 |a Fakulta aplikovaných jazykov EU v Bratislave. Katedra jazykovedy a translatológie